000 00436nam a2200169Ia 4500
003 GCL
008 140319s9999 xx 000 0 ara d
040 _aGCL /
_cGCL
082 0 4 _aط
_b507
_bا ه
100 1 _aاحمد بهجت
245 1 0 _aهدهد سليمان /
_cاحمد بهجت
490 _aاحسن القصص
_v0
650 0 4 _aالاطفال
650 0 4 _aالقصص
650 0 4 _aقصص الاطفال
942 _2ddc
_cBK
999 _c45160
_d45160